| 000 | 00642nam a2200193Ia 4500 | ||
|---|---|---|---|
| 008 | 140626s9999 xx 000 0 und d | ||
| 100 | _aDoucet, Cheryl et al | ||
| 245 |
_aUsing multisensory technology to create a therapeutic environment for people with dementia in an adult day center : _ba pilot study / _cCheryl Doucet ... [et al.]. |
||
| 260 | _cc2013. | ||
| 300 | _a6 : 1, page 225 | ||
| 440 | _aResearch in Gerontological Nursing | ||
| 521 | _aNUR | ||
| 650 | _aAdult day center. | ||
| 650 | _aDementia. | ||
| 650 | _aMultisensory technology. | ||
| 650 | _aOlder adults. | ||
| 650 | _aTherapeutic environment. | ||
| 942 | _cSE | ||
| 999 |
_c121469 _d121469 |
||